000 00247nam a22001097a 4500
999 _c12683
_d12683
020 _a9780525568940
082 _a378..16
245 _aSAT Subject Test Biology E/M Prep
250 _a17th
260 _aUSA
_bPenguin Random House
_c2019
942 _cBK